<?xml version="1.0" encoding="UTF-8"?>
<record
    xmlns:xsi="http://www.w3.org/2001/XMLSchema-instance"
    xsi:schemaLocation="http://www.loc.gov/MARC21/slim http://www.loc.gov/standards/marcxml/schema/MARC21slim.xsd"
    xmlns="http://www.loc.gov/MARC21/slim">

  <leader>     nam a22     7a 4500</leader>
  <datafield tag="999" ind1=" " ind2=" ">
    <subfield code="c">259197</subfield>
    <subfield code="d">259197</subfield>
  </datafield>
  <controlfield tag="003">IT-MiCISF</controlfield>
  <controlfield tag="008">161216b        xxu||||| |||| 00| 0 eng d</controlfield>
  <datafield tag="020" ind1=" " ind2=" ">
    <subfield code="a">9788821596353</subfield>
  </datafield>
  <datafield tag="040" ind1=" " ind2=" ">
    <subfield code="c">IT-MiCISF</subfield>
  </datafield>
  <datafield tag="041" ind1=" " ind2=" ">
    <subfield code="a">it</subfield>
  </datafield>
  <datafield tag="100" ind1=" " ind2=" ">
    <subfield code="a">Rota Scalabrini Patrizio</subfield>
    <subfield code="9">56064</subfield>
  </datafield>
  <datafield tag="245" ind1=" " ind2=" ">
    <subfield code="a">Io e la mia casa serviremo il Signore</subfield>
    <subfield code="b">La famiglia e la Bibbia</subfield>
  </datafield>
  <datafield tag="260" ind1=" " ind2=" ">
    <subfield code="a">Cinisello B. (MI)</subfield>
    <subfield code="b">San Paolo</subfield>
    <subfield code="c">2015</subfield>
  </datafield>
  <datafield tag="300" ind1=" " ind2=" ">
    <subfield code="a">pp. 165</subfield>
  </datafield>
  <datafield tag="500" ind1=" " ind2=" ">
    <subfield code="a">pastorale-familiare, bibbia, famiglia, spiritualit&#xE0;-familiare</subfield>
  </datafield>
  <datafield tag="520" ind1=" " ind2=" ">
    <subfield code="a">La vita umana &#xE8; davvero un&#x2019;avventura in cui l&#x2019;essere famiglia o il costituirne una nuova &#xE8; uno dei passaggi fondamentali, rispetto al quale oggi, pi&#xF9; che in altri tempi, si &#xE8; immersi in un conflitto di interpretazioni, esposti alle insidie del dubbio, ma perci&#xF2; anche obbligati a decidersi per ci&#xF2; che pu&#xF2; dare splendore all&#x2019;esistenza. &#xC8; un cammino difficile nel quale, per&#xF2;, ci si pu&#xF2; lasciare affiancare da un compagno di viaggio: la Parola della Sacra Scrittura! &#xC8; questo il viaggio che intraprende questo volume, percorrendo le pagine dell&#x2019;Antico e del Nuovo Testamento per accoglierne la luce, che illumina la realt&#xE0; dell&#x2019;amore, della coppia, dell&#x2019;essere figli e del generare, dello stringere relazioni fraterne.</subfield>
  </datafield>
  <datafield tag="650" ind1=" " ind2=" ">
    <subfield code="a">pastorale-familiare</subfield>
    <subfield code="9">56039</subfield>
  </datafield>
  <datafield tag="654" ind1=" " ind2=" ">
    <subfield code="a">saggio</subfield>
  </datafield>
  <datafield tag="942" ind1=" " ind2=" ">
    <subfield code="2">ddc</subfield>
    <subfield code="c">BK</subfield>
  </datafield>
  <datafield tag="952" ind1=" " ind2=" ">
    <subfield code="0">0</subfield>
    <subfield code="1">0</subfield>
    <subfield code="2">ddc</subfield>
    <subfield code="4">0</subfield>
    <subfield code="6">A_2149_000000000000000</subfield>
    <subfield code="7">1</subfield>
    <subfield code="a">CISF</subfield>
    <subfield code="b">CISF</subfield>
    <subfield code="d">2016-12-16</subfield>
    <subfield code="l">0</subfield>
    <subfield code="o">a2149</subfield>
    <subfield code="p">9788821596353</subfield>
    <subfield code="r">2016-12-16 00:00:00</subfield>
    <subfield code="w">2016-12-16</subfield>
    <subfield code="y">BK</subfield>
  </datafield>
</record>
